000 01344nam a2200289Ia 4500
001 ebr10041075
003 CaPaEBR
006 m u
007 cr cn|||||||||
008 970618s1997 dcu gsb 000 0 eng d
010 _z 97163552
020 _z0309056985
040 _aCaPaEBR
_cCaPaEBR
035 _a(OCoLC)70743729
050 1 4 _aRC1151.R33
_bR33 1997eb
245 0 0 _aRadiation hazards to crews of interplanetary missions
_h[electronic resource] :
_bbiological issues and research strategies /
_cTask Group on the Biological Effects of Space Radiation, Space Studies Board, Commission on Physical Sciences, Mathematics, and Applications, National Research Council.
260 _aWashington, D.C. :
_bNational Academies Press,
_c1997.
300 _a88 p.
504 _aIncludes bibliographical references.
533 _aElectronic reproduction.
_bPalo Alto, Calif. :
_cebrary,
_d2005.
_nAvailable via World Wide Web.
_nAccess may be limited to ebrary affiliated libraries.
650 0 _aAstronauts
_xHealth risk assessment.
650 0 _aRadiation injuries
_xRisk factors.
650 0 _aSpace flight
_xHealth aspects.
655 7 _aElectronic books.
_2local
710 2 _aebrary, Inc.
856 4 0 _uhttp://site.ebrary.com/lib/rucke/Doc?id=10041075
_zAn electronic book accessible through the World Wide Web; click to view
999 _c60708
_d60708